| 000 | 00345nam a22001577a 4500 | ||
|---|---|---|---|
| 003 | OSt | ||
| 005 | 20211001102119.0 | ||
| 008 | 211001b |||||||| |||| 00| 0 eng d | ||
| 040 | _chu | ||
| 082 | _a331,252 | ||
| 100 |
_aHamilton A, James _98992 |
||
| 245 | _aPenslons | ||
| 260 |
_aNew Yory _bLnc _c1959 |
||
| 300 | _a410 | ||
| 942 |
_2ddc _cBOOKS _n0 |
||
| 999 |
_c8330 _d8330 |
||